Satellite communications systems : (Record no. 68460)
[ view plain ]
| 000 -LEADER | |
|---|---|
| fixed length control field | 00962cam a2200277 a 4500 |
| 001 - CONTROL NUMBER | |
| control field | 68460 |
| 003 - CONTROL NUMBER IDENTIFIER | |
| rucl marc code | BD-RjUL |
| 005 - DATE AND TIME OF LATEST TRANSACTION | |
| control field | 20211209081757.0 |
| 008 - FIXED-LENGTH DATA ELEMENTS--GENERAL INFORMATION | |
| fixed length control field | 090619s2009 enkab b 001 0 eng |
| 020 ## - INTERNATIONAL STANDARD BOOK NUMBER | |
| International Standard Book Number | 9780470714584 (cloth) |
| 035 ## - SYSTEM CONTROL NUMBER | |
| System control number | (BD-RjUL)68670 |
| 040 ## - CATALOGING SOURCE | |
| Original cataloging agency | DLC |
| Transcribing agency | DLC |
| Modifying agency | YDX |
| -- | UKM |
| -- | YDXCP |
| -- | BWX |
| -- | CDX |
| -- | GBVCP |
| -- | HEBIS |
| -- | OKU |
| -- | DEBBG |
| -- | DLC |
| -- | BD-RjUL |
| Language of cataloging | eng |
| 041 1# - LANGUAGE CODE | |
| Language code of text/sound track or separate title | eng |
| 082 00 - DEWEY DECIMAL CLASSIFICATION NUMBER | |
| Classification number | 621.3825 |
| Edition number | 23 |
| Author mark and year | MAS 2009 |
| 100 1# - MAIN ENTRY--PERSONAL NAME | |
| Personal name | Maral, Gérard. |
| 9 (RLIN) | 202943 |
| 245 10 - TITLE STATEMENT | |
| Title | Satellite communications systems : |
| Remainder of title | systems, techniques and technology / |
| Statement of responsibility, etc. | Gérard Maral and Michel Bousquet. |
| 250 ## - EDITION STATEMENT | |
| Edition statement | 5th ed. |
| 260 ## - PUBLICATION, DISTRIBUTION, ETC. (IMPRINT) | |
| Place of publication, distribution, etc. | U.K. : |
| Name of publisher, distributor, etc. | John Wiley, |
| Date of publication, distribution, etc. | c2009. |
| 300 ## - PHYSICAL DESCRIPTION | |
| Pagination | xxvii, 713 p. : |
| Illustrations | ill. ; |
| Size | 26 cm. |
| 500 ## - GENERAL NOTE | |
| General note | Translated from French. |
| 504 ## - BIBLIOGRAPHY, ETC. NOTE | |
| Bibliography, etc | Includes bibliographical references and index. |
| 650 #0 - SUBJECT ADDED ENTRY--TOPICAL TERM | |
| Topical term or geographic name as entry element | Artificial satellites in telecommunication |
| 9 (RLIN) | 117364 |
| 700 1# - ADDED ENTRY--PERSONAL NAME | |
| Personal name | Bousquet, Michel. |
| Personal name | Sun, Zhili, |
| 942 ## - ADDED ENTRY ELEMENTS (KOHA) | |
| Source of classification or shelving scheme | Dewey Decimal Classification |
| Koha item type | Books |
| Lost status | Source of classification or shelving scheme | Damaged status | Not for loan | Collection code | Permanent Location | Current Location | Shelving location | Date acquired | Source of acquisition | Cost, normal purchase price | Total Checkouts | Full call number | Date last seen | Copy number | Koha item type |
|---|---|---|---|---|---|---|---|---|---|---|---|---|---|---|---|
| Dewey Decimal Classification | Not For Loan | Non-fiction | Central Library, University of Rajshahi | Central Library, University of Rajshahi | Reading Room | 03/07/2013 | Dhaka, Space marketing comm. | 9800.00 | 621.3825 MAS 2009 | 03/04/2017 | C-1 | Books |